Data conversion handbook
Saved in:
| Hovedforfatter: | |
|---|---|
| Format: | Bog |
| Sprog: | engelsk |
| Udgivet: |
Burlington
Analog Devices
2005
|
| Udgivelse: | 1a. ed |
| Serier: | Analog Devices Series
|
| Fag: | |
| Tags: |
Tilføj Tag
Ingen Tags, Vær først til at tagge denne postø!
|
MARC
| LEADER | 00000nam a2200000 a 4500 | ||
|---|---|---|---|
| 001 | UCK6510 | ||
| 003 | CL-VaPUC | ||
| 008 | 051007e20050000us |||||||||||||||||eng|d | ||
| 020 | |a 0750678410 | ||
| 082 | 0 | 4 | |a 621.3815 |b KES |2 21 |
| 100 | 0 | |a Kester, Walt |e author |9 495850 | |
| 245 | 1 | 0 | |a Data conversion handbook |
| 250 | |a 1a. ed | ||
| 300 | |a 953 p | ||
| 942 | |c BK | ||
| 945 | |d 20051007 00:00:00 |a cmena | ||
| 260 | |a Burlington |b Analog Devices |c 2005 | ||
| 650 | 7 | |a CONVERTIDORES ANALOGICOS-DIGITALES |2 CL-VaPUC |9 263575 | |
| 650 | 0 | |a Diseño de circuitos electrónicos |9 263441 | |
| 650 | 0 | |a Manuales |9 257144 | |
| 583 | |a last modification |c 20171004 04:37:23 |k Rodrigo Vera | ||
| 490 | 0 | |a Analog Devices Series | |
| 999 | |c 314791 |d 314789 | ||
| 952 | |0 0 |1 0 |4 0 |6 621_381500000000000_KES_2005 |7 0 |8 A |9 387527 |a BIBING |b BIBING |d 2019-11-22 |i 4172000 |o 621.3815 KES 2005 |p 4172000 |r 2025-01-20 |w 2019-11-22 |y BK |k EIE | ||